|
|
|
|
| LEADER |
01075nam a2200313 a 4500 |
| 001 |
000125249 |
| 003 |
CZ BrMZK |
| 005 |
20190430124317.0 |
| 007 |
ta |
| 008 |
891129s1988 xr f 000 m cze d |
| 015 |
|
|
|a cnb000052132
|
| 020 |
|
|
|q (Brož.)
|
| 035 |
|
|
|a (OCoLC)39423179
|
| 040 |
|
|
|a BOA001
|b cze
|
| 072 |
|
7 |
|a 364
|x Sociální problémy vyžadující podporu a pomoc. Sociální zabezpečení
|2 Konspekt
|9 18
|
| 080 |
|
|
|a 364.692:615.015.6
|2 MRF
|
| 080 |
|
|
|a (041)
|2 MRF
|
| 100 |
1 |
|
|a Janík, Alojz,
|d 1926-2002
|7 jk01050953
|4 aut
|
| 245 |
1 |
0 |
|a Drogové závislosti /
|c Alojz Janík, Karel Dušek
|
| 250 |
|
|
|a 1. vyd.
|
| 260 |
|
|
|a Praha :
|b Ústav zdravotní výchovy,
|c 1988
|
| 300 |
|
|
|a 48 s. ;
|c 21 cm
|
| 504 |
|
|
|a Obsahuje bibliografii
|
| 650 |
0 |
7 |
|a drogová závislost
|7 ph117184
|2 czenas
|
| 655 |
|
7 |
|a brožury
|7 fd131925
|2 czenas
|
| 700 |
1 |
|
|a Dušek, Karel,
|d 1935-2020
|7 jk01023413
|4 aut
|
| 910 |
|
|
|a BOA001
|b X-0942.575
|b PK-0109.866
|
| 990 |
|
|
|a BK
|
| 996 |
7 |
|
|b 2610118719
|c X-0942.575
|l MZK
|r Sklad / do 24 hodin
|n 40
|p xerox
|w 000125249
|u 000020
|a 1
|e BOA001
|j MZK50
|s A
|